| 000 | 00839cam a2200253 a 4500 | ||
|---|---|---|---|
| 001 | 000011871 | ||
| 005 | 20200929162610.0 | ||
| 008 | 981015s1998 ck ab b f000 0 spa | ||
| 020 | _a9588052114 | ||
| 035 | _a(DLC) 98209420 | ||
| 040 |
_aDO-SdBNP _cDLC _dBNPHU |
||
| 082 |
_a498.2 _bR741L |
||
| 100 | 1 |
_aRojas Curieux, Tulio Enrique, _d1954- _928055 |
|
| 245 | 1 | 3 |
_aLa lengua páez : _buna visión de su gramática / _cTulio Enrique Rojas Curieux. |
| 260 |
_aBogotá : _bMinisterio de Cultura, _c1998. |
||
| 300 |
_a528 p. : _bil.; maps ; _c21 cm. |
||
| 490 | 1 | _aLingüística | |
| 504 | _aIncluye referencias bibliográficas (p. [495] -501). | ||
| 504 | _aIncluye notas al pie de las páginas. | ||
| 586 | _aPremio nacional de cultura. | ||
| 830 | 0 |
_aLingüística _916423 |
|
| 910 | _aCatalogación derivada/LC | ||
| 049 | _aBNGR | ||
| 999 |
_c11543 _d11543 |
||